Biochemistry and molecular biology / (Registro nro. 702)
[ vista simple ]
| 000 -LEADER | |
|---|---|
| fixed length control field | 00965cam a2200277 a 4500 |
| 005 - FECHA ULTIMA MODIFICACION | |
| control field | 20231219132008.0 |
| 008 - CAMPO DE CONTROL (LIBRO) | |
| fixed length control field | 100907s1997||||xxua | |||| 00| 0 eng d |
| 020 ## - INTERNATIONAL STANDARD BOOK NUMBER | |
| ISBN | 019857794X |
| 041 ## - CODIGO DE IDIOMA | |
| Código de idioma del texto/pista de sonido o título separado | eng |
| 092 ## - SIGNATURA TOPOGRAFICA DEWEY LOCAL | |
| número de clasificación | 574.8 |
| libristica | 21 |
| sección | ELL |
| 100 1# - ENTRADA PRINCIPAL--NOMBRE PERSONAL | |
| Nombre personal | Elliott, William H. |
| 9 (RLIN) | 1414 |
| 245 ## - TITULO PROPIAMENTE DICHO | |
| Título | Biochemistry and molecular biology / |
| Mención de responsabilidad y remanente de la transcripción de la portada | William H. Elliott |
| 250 ## - MENCION DE EDICION | |
| Mención de edición | 1a ed. reimp. |
| 260 ## - PIE DE IMPRENTA | |
| Lugar de publicación, distribución, etc | New York [USA]: |
| Nombre de la editorial, distribuidor, etc | Oxford University Press; |
| Fecha de publicación | 1997. |
| 300 ## - DESCRIPCION FISICA | |
| Extension | 437 p. |
| Otros detalles físicos | il. |
| 500 ## - NOTA GENERAL | |
| Nota general | Elliott, W. H. y Elliott, D. C. (1997). Biochemistry and molecular biology. (1st ed.). New York [USA] : Oxford University Press. |
| 653 ## - TÉRMINO INDIZADO - PALABRAS CLAVES | |
| Palabra clave | Introduction to the chemical reactions of the cell |
| 653 ## - TÉRMINO INDIZADO - PALABRAS CLAVES | |
| Palabra clave | Structure of proteins and membranes |
| 653 ## - TÉRMINO INDIZADO - PALABRAS CLAVES | |
| Palabra clave | Metabolism |
| 653 ## - TÉRMINO INDIZADO - PALABRAS CLAVES | |
| Palabra clave | Information storage and utilization |
| 653 ## - TÉRMINO INDIZADO - PALABRAS CLAVES | |
| Palabra clave | Transport of oxygen and CO2 |
| 653 ## - TÉRMINO INDIZADO - PALABRAS CLAVES | |
| Palabra clave | Mechanical work by cells |
| 700 1# - ENTRADAS SECUNDARIAS - NOMBRE PERSONAL | |
| Nombre personal | Elliott, Daphne C. |
| 9 (RLIN) | 1415 |
| 930 ## - NUMERO DE INVENTARIO | |
| Número de inventario | 765 |
| 942 ## - ADDED ENTRY ELEMENTS (KOHA) | |
| Source of classification or shelving scheme | Dewey Decimal Classification |
| Item type | Libros |
| Estado de retiro | Existencia | Fuente de clasificación | Estado general | No para prestamo | Colección | Ubicación permanente | ubicación actual | Sala de ubicación | Fecha de adquisición | Total Checkouts | Total Renewals | Número de clasificación | Código de barras | Date last seen | Date last borrowed | Número de ejemplar | Price effective from | Koha tipo de elemento (item) | Public note |
|---|---|---|---|---|---|---|---|---|---|---|---|---|---|---|---|---|---|---|---|
| Dewey Decimal Classification | Reference | Biblioteca Medicina | Biblioteca Medicina | Referencia | 13/05/2011 | 2 | 1 | 574.8 21 ELL | 765 | 25/03/2019 | 19/03/2019 | ej.1 | 13/05/2011 | Reference | LIBRO DE CONSULTA |